000
00182 a2200097 4500
020
_a
30006516
041
_a
eng
100
_a
Rick Warren
245
_a
The purpose Driven
942
_c
BK
999
_c
11690
_d
11690